|
|
|
|
| LEADER |
00000nam0a2200000 4500 |
| 001 |
274918 |
| 005 |
20231101234756.0 |
| 035 |
|
|
|a (RuTPU)RU\TPU\book\298147
|
| 090 |
|
|
|a 274918
|
| 100 |
|
|
|a 20141110d1958 k y0rusy50 ca
|
| 101 |
0 |
|
|a rus
|
| 102 |
|
|
|a KZ
|
| 105 |
|
|
|a a z 001zy
|
| 200 |
1 |
|
|a Горение пылеугольного факела как полидисперсной системы
|f А. Б. Резняков
|
| 210 |
|
|
|a Алма-Ата
|c Изд-во АН Казахской ССР
|d 1958
|
| 215 |
|
|
|a 172 с.
|c ил.
|
| 320 |
|
|
|a Библиогр.: с. 151-158
|
| 606 |
1 |
|
|a Пылеугольный факел
|x Зажигание
|2 stltpush
|3 (RuTPU)RU\TPU\subj\53264
|9 71580
|
| 610 |
1 |
|
|a пылеугольное топливо
|
| 610 |
1 |
|
|a пылеугольные котлы
|
| 610 |
1 |
|
|a пылеугольные топки
|
| 610 |
1 |
|
|a горение
|
| 610 |
1 |
|
|a полидисперсные системы
|
| 610 |
1 |
|
|a факельное горение
|
| 675 |
|
|
|a 621.182.2-66
|v 3
|
| 700 |
|
1 |
|a Резняков
|b А. Б.
|
| 712 |
0 |
2 |
|a Академия наук Казахской ССР(АН КазССР)
|b Институт энергетики
|2 stltpush
|3 (RuTPU)RU\TPU\col\20251
|
| 801 |
|
1 |
|a RU
|b 63413507
|c 20141110
|
| 801 |
|
2 |
|a RU
|b 63413507
|c 20170124
|g RCR
|
| 942 |
|
|
|c BK
|